000 00507nam a2200181Ia 4500
003 GCL
008 140319s9999 xx 000 0 ara d
040 _aGCL /
_cGCL
082 0 4 _a881
_bن د
100 1 _aنعيم عطية
245 1 0 _aديوان كافافيس شاعر الأسكندرية /
_cنعيم عطية
260 _a[S.N] :
_bدار سعاد الصباح ،
_c1993
300 _a175 ص
490 _a
650 0 4 _aالشعر اليونانى
650 0 4 _aالادب
942 _2ddc
_cBK
999 _c38685
_d38685